[Event "IECC CL3-2000.11"]
[Site "IECC email"]
[Date "2000.01.17"]
[Round "?"]
[White "McDonald, Graham R"]
[Black "Ruiz, Jose Martin Albo"]
[Result "1-0"]
[WhiteElo "1858"]
[BlackElo "1874"]
[PlyCount "39"]
[EventDate "2000.??.??"]
[EventType "tourn (corr)"]
[EventRounds "4"]
[SourceTitle "Corr 2008"]
[Source "ChessBase"]
[SourceDate "2008.06.24"]
[SourceVersion "1"]
[SourceVersionDate "2008.06.24"]
[SourceQuality "1"]

1. e4 c6 2. d4 d5 3. e5 Bf5 4. Nc3 e6 5. g4 Bg6 6. Nge2 c5 7. h4 cxd4 8. Nxd4 h5 9. Bb5+ Nd7 10. f4 hxg4 11. f5 Rxh4 12. Rf1 exf5 13. e6 fxe6 14. Qe2 Qe7 15. Bg5 Qxg5 16. Nxe6 Qe7 17. Nxd5 Rh2 18. Ndc7+ Kf7 19. Qxh2 Ngf6 20. 0-0-0 1-0

[Event "IECC CL3-2000.11"]
[Site "IECC email"]
[Date "2000.01.17"]
[Round "?"]
[White "Ruiz, Jose Martin Albo"]
[Black "Osinski, Jaroslaw"]
[Result "0-1"]
[WhiteElo "1846"]
[BlackElo "1952"]
[PlyCount "54"]
[EventDate "2000.??.??"]
[EventType "tourn (corr)"]
[EventRounds "4"]
[SourceTitle "Corr 2008"]
[Source "ChessBase"]
[SourceDate "2008.06.24"]
[SourceVersion "1"]
[SourceVersionDate "2008.06.24"]
[SourceQuality "1"]

1. e4 c6 2. d4 d5 3. Nc3 dxe4 4. Nxe4 Bf5 5. Ng3 Bg6 6. Nf3 Nd7 7. h4 h6 8. h5 Bh7 9. Bd3 Bxd3 10. Qxd3 Qc7 11. Bd2 e6 12. 0-0-0 Ngf6 13. Ne4 Bd6 14. Nxd6+ Qxd6 15. Kb1 0-0 16. Qe2 Rfd8 17. c4 Rac8 18. Bc3 Qf4 19. Nd2 c5 20. Nb3 Qe4+ 21. Qxe4 Nxe4 22. Be1 Ndf6 23. f3 Nd6 24. dxc5 Nxc4 25. Rxd8+ Rxd8 26. Bh4 Nd2+ 27. Nxd2 Rxd2 0-1

[Event "IECC TH-T email"]
[Site "IECC email"]
[Date "2000.01.08"]
[Round "?"]
[White "De Leeuw, Dirk"]
[Black "Ruiz, Jose Martin Albo"]
[Result "1-0"]
[WhiteElo "1948"]
[BlackElo "1900"]
[PlyCount "45"]
[EventDate "2000.??.??"]
[EventType "match (corr)"]
[EventRounds "2"]
[SourceTitle "Corr 2008"]
[Source "ChessBase"]
[SourceDate "2008.06.24"]
[SourceVersion "1"]
[SourceVersionDate "2008.06.24"]
[SourceQuality "1"]

1. e4 c5 2. Nf3 d6 3. d4 cxd4 4. Nxd4 Nf6 5. Nc3 g6 6. Be3 Bg7 7. f3 Nc6 8. Qd2 0-0 9. 0-0-0 Bd7 10. g4 Rc8 11. h4 Ne5 12. Kb1 h5 13. gxh5 Nxh5 14. Rg1 Kh7 15. Be2 Nc4 16. Bxc4 Rxc4 17. Nde2 Qa5 18. Nd5 Qb5 19. Nd4 Bxd4 20. Bxd4 Re8 21. Rg5 Qa6 22. Rxh5+ gxh5 23. Qg5 1-0